Desempeño exportador de carne bovina en La Pampa (Argentina): 2003-2019 (Registro nro. 23101)
[ vista simple ]
| 000 -LEADER | |
|---|---|
| fixed length control field | 00483 a2200145 4500 |
| 001 - CONTROL NUMBER | |
| control field | ART_58360 |
| 005 - DATE AND TIME OF LATEST TRANSACTION | |
| control field | 20260410161830.0 |
| 008 - FIXED-LENGTH DATA ELEMENTS--GENERAL INFORMATION | |
| fixed length control field | 260409a |
| 100 1# - MAIN ENTRY--PERSONAL NAME | |
| Personal name | Ferro Moreno, Santiago |
| 245 10 - TITLE STATEMENT | |
| Title | Desempeño exportador de carne bovina en La Pampa (Argentina): 2003-2019 |
| 700 1# - ADDED ENTRY--PERSONAL NAME | |
| Personal name | Paturlanne, Jorge Luis |
| 700 1# - ADDED ENTRY--PERSONAL NAME | |
| Personal name | Roberto, Mariano |
| 700 1# - ADDED ENTRY--PERSONAL NAME | |
| Personal name | Pérez, Santiago Agustín |
| 773 0# - HOST ITEM ENTRY | |
| Title | Estudios Económicos |
| Related parts | - Vol. 38, Nº 77 (jul./dic. 2021) |
| Record control number | REV5080 |
No hay ítems disponibles.